| 000 | 00866cam a2200205 i 4500 | ||
|---|---|---|---|
| 005 | 20251208095028.0 | ||
| 008 | 250721s2004 jo gr 000 0 ara d | ||
| 082 | 1 | 4 |
_a216 _bب ل ح |
| 100 | 1 |
_aبلحاجي، عبد الصمد بن محمد _eمؤلف. |
|
| 245 | 1 | 0 |
_aأحكام المسابقات في الشريعة الإسلامية وتطبيقاته المعاصرة / _cعبد الصمد بن محمد بلحاجي ؛ إشراف الأستاذ الدكتور محمد خير هيكل. |
| 250 | _aالطبعة الأولى. | ||
| 264 | 3 | 1 |
_aعمان : _bدار النفائس للنشر والتوزيع، _c2004. |
| 300 | _a325 صفحة. | ||
| 650 | 1 | 7 | _aالفقه الإسلامي. |
| 650 | 1 | 7 | _aالشريعة الإسلامية. |
| 650 | 1 | 7 | _aالجوائز. |
| 653 | _aالمسابقات | ||
| 942 |
_2ddc _cBK |
||
| 999 |
_c86216 _d86216 |
||